| 000 | 00463nam a22001817a 4500 | ||
|---|---|---|---|
| 999 |
_c4798 _d4798 |
||
| 003 | GBCCL | ||
| 005 | 20241126110527.0 | ||
| 008 | 180207b ||||| |||| 00| 0 eng d | ||
| 020 | _a9788178358284 | ||
| 040 | _cgbc | ||
| 082 |
_a297.095417 _bIRE |
||
| 100 |
_aIrene, Salam _98756 |
||
| 245 |
_aThe Muslims of Manipur _cSalam Irene |
||
| 260 |
_aDelhi : _bKalpaz publications, _c2010. |
||
| 300 | _a245p. | ||
| 650 |
_aMuslims _zManipur _98757 |
||
| 942 |
_2ddc _cBK _06 |
||